Contextual Non-Financial Analysis of Annual Reports of Slovak, Turkish and Ukrainian Companies

Textová analýza výročných správ pre posúdenie behaviorálnych aspektov účtovníctva ako zdroja informácií pre rozhodovanie investorov či analytikov na základe nefinančných informácií. Porovnanie spoločností z rastúcich ekonomík Slovenskej republiky, Turecka a Ukrajiny ako krajiny vo vojne. Skúmanie tó...

Descripción completa

Guardado en:
Detalles Bibliográficos
Autor principal: Kubaščíková, Zuzana, 1982-
Otros Autores: Tumpach, Miloš, 1970-, Juhászová, Zuzana, 1970-, Zeytinoglu, Emin, Chyzhevska, Ludmyla
Formato: Capítulo de libro
Lenguaje:inglés
Materias:
Etiquetas: Agregar Etiqueta
Sin Etiquetas, Sea el primero en etiquetar este registro!

MARC

LEADER 00000naa$a2200000$$$4500
001 0272000
005 20240502074304.7
041 0 |a eng 
044 |a SK 
245 1 0 |a Contextual Non-Financial Analysis of Annual Reports of Slovak, Turkish and Ukrainian Companies  |c Zuzana Kubaščíková, Miloš Tumpach, Zuzana Juhászová, Emin Zeytinoglu, Ludmyla Chyzhevska 
520 |a Textová analýza výročných správ pre posúdenie behaviorálnych aspektov účtovníctva ako zdroja informácií pre rozhodovanie investorov či analytikov na základe nefinančných informácií. Porovnanie spoločností z rastúcich ekonomík Slovenskej republiky, Turecka a Ukrajiny ako krajiny vo vojne. Skúmanie tónu a štruktúry jazyka uplatňovaného vo výročných správach, zmeny v priebehu času spolu s meniacim sa ekonomickým rastom v krajine a rozdiely vo zverejňovaní informácií medzi slovenskými, tureckými a ukrajinskými spoločnosťami. Porovnanie výsledkov s cieľom navrhnúť spoľahlivé odporúčania. Testovanie možnosti zistenia neistoty podnikateľského prostredia vo výročných správach či vo firmách textovou analýzou. Korelácia nefinančných „naratívnych“ údajov so zmenou rastu HDP krajiny. 
610 2 0 |a správy výročné 
610 2 0 |a analýza obsahová 
610 2 0 |a ukazovatele nefinančné 
610 2 0 |a informácie účtovné 
610 2 0 |a informácie obchodno-ekonomické 
610 2 0 |a prostredie podnikové 
610 2 0 |a Slovensko 
610 2 0 |a Turecko 
610 2 0 |a Ukrajina 
100 1 |a Kubaščíková, Zuzana, 1982- 
700 1 |a Tumpach, Miloš, 1970- 
700 1 |a Juhászová, Zuzana, 1970- 
700 1 |a Zeytinoglu, Emin 
700 1 |a Chyzhevska, Ludmyla